Μάθηση και διδασκαλία στην εποχή της πληροφορίας
Αποθηκεύτηκε σε:
| Κύριος συγγραφέας: | |
|---|---|
| Άλλοι συγγραφείς: | |
| Μορφή: | Βιβλίο |
| Γλώσσα: | Greek |
| Δημοσίευση: |
Αθήνα :
[Αριστοτέλης Ράπτης],
2004-2006
|
| Θέματα: | |
| Ετικέτες: |
Προσθήκη ετικέτας
Δεν υπάρχουν, Καταχωρήστε ετικέτα πρώτοι!
|
MARC
| LEADER | 00000cam a2200000 i 4500 | ||
|---|---|---|---|
| 001 | 1/9578 | ||
| 008 | 100720m20042006gr | ||| |||| ||gre|| | ||
| 020 | |a 9609150322 (set) | ||
| 020 | |a 9609150306 (τ.1) | ||
| 020 | |a 9609150314 (τ.2) | ||
| 035 | |l 10108693 | ||
| 040 | |a GR-MY-UA |b gre |e aacr | ||
| 041 | 0 | |a gre | |
| 082 | 0 | |a 370.285 |2 (22) | |
| 100 | 1 | |a Ράπτης, Αριστοτέλης. | |
| 245 | 1 | 0 | |a Μάθηση και διδασκαλία στην εποχή της πληροφορίας / |c Α. Ράπτη-Α. Ράπτη |
| 260 | |a Αθήνα : |b [Αριστοτέλης Ράπτης], |c 2004-2006 | ||
| 300 | |a 2τ.; |b εικ., πίν., διαγρ.; |c 29 εκ. | ||
| 504 | |a Περιέχει βιβλιογραφικές παραπομπές | ||
| 505 | 0 | |a Τ.1. Ολική προσέγγισητ.2. Παιδαγωγικές δραστηριότητες | |
| 650 | 0 | 0 | |a Computer managed instruction. |
| 650 | 0 | 0 | |a Computer-assisted instruction. |
| 650 | 0 | 0 | |a Education |x Computer programs. |
| 700 | 1 | |a Γαλανουδάκη-Ράπτη, Αθανασία. | |
| 852 | |a INST |b LESVOS |e 20100720 |h 370.285 ΡΑΠ |p 005100048234 |q 005100048234 |t BK |y 0 |z τ.1 | ||
| 852 | |a INST |b LESVOS |e 20100720 |h 370.285 ΡΑΠ |p 005100048235 |q 005100048235 |t BK |y 0 |z τ.1 | ||
| 852 | |a INST |b LESVOS |e 20100720 |h 370.285 ΡΑΠ |p 005100048236 |q 005100048236 |t BK |y 0 |z τ.1 | ||
| 852 | |a INST |b LESVOS |e 20100720 |h 370.285 ΡΑΠ |p 005100048237 |q 005100048237 |t BK |y 0 |z τ.2 | ||
| 852 | |a INST |b LESVOS |e 20100720 |h 370.285 ΡΑΠ |p 005100048238 |q 005100048238 |t BK |y 0 |z τ.2 | ||
| 852 | |a INST |b LESVOS |e 20100720 |h 370.285 ΡΑΠ |p 005100048239 |q 005100048239 |t BK |y 0 |z τ.2 | ||
| 852 | |a INST |b LESVOS |e 20110712 |h 370.285 ΡΑΠ |p 005100048705 |q 005100048705 |t BK |y 0 |z τ.2 | ||
| 852 | |a INST |b LESVOS |e 20110712 |h 370.285 ΡΑΠ |p 005100049798 |q 005100049798 |t BK |y 0 |z τ.1 | ||
| 852 | |a INST |b LESVOS |e 20141013 |h 370.285 ΡΑΠ |p 005100055868 |q 005100055868 |t BK |y 0 |z τ.1 | ||
| 852 | |a INST |b LESVOS |e 20141013 |h 370.285 ΡΑΠ |p 005100055869 |q 005100055869 |t BK |y 0 |z τ.2 | ||
| 852 | |a INST |b LESVOS |e 20100720 |h 370.285 ΡΑΠ |p 005100048234 |q 005100048234 |t BK |v τ.1: |y 0 |z τ.1 | ||
| 852 | |a INST |b LESVOS |e 20100720 |h 370.285 ΡΑΠ |p 005100048235 |q 005100048235 |t BK |v τ.1: |y 0 |z τ.1 | ||
| 852 | |a INST |b LESVOS |e 20100720 |h 370.285 ΡΑΠ |p 005100048236 |q 005100048236 |t BK |v τ.1: |y 0 |z τ.1 | ||
| 852 | |a INST |b LESVOS |e 20100720 |h 370.285 ΡΑΠ |p 005100048237 |q 005100048237 |t BK |v τ.2: |y 0 |z τ.2 | ||
| 852 | |a INST |b LESVOS |e 20100720 |h 370.285 ΡΑΠ |p 005100048238 |q 005100048238 |t BK |v τ.2: |y 0 |z τ.2 | ||
| 852 | |a INST |b LESVOS |e 20100720 |h 370.285 ΡΑΠ |p 005100048239 |q 005100048239 |t BK |v τ.2: |y 0 |z τ.2 | ||
| 852 | |a INST |b LESVOS |e 20110712 |h 370.285 ΡΑΠ |p 005100048705 |q 005100048705 |t BK |v τ.2: |y 0 |z τ.2 | ||
| 852 | |a INST |b LESVOS |e 20110712 |h 370.285 ΡΑΠ |p 005100049798 |q 005100049798 |t BK |v τ.1: |y 0 |z τ.1 | ||
| 852 | |a INST |b LESVOS |e 20141013 |h 370.285 ΡΑΠ |p 005100055868 |q 005100055868 |t BK |v τ.1: |y 0 |z τ.1 | ||
| 852 | |a INST |b LESVOS |e 20141013 |h 370.285 ΡΑΠ |p 005100055869 |q 005100055869 |t BK |v τ.2: |y 0 |z τ.2 | ||
| 853 | |a INST |b LESVOS |h 370.285 ΡΑΠ | ||
| 901 | |a BIBL1-2010-2 | ||
| 901 | |a BIBL1-2011-2 | ||
| 901 | |a BIBL1-2014-3 | ||
| 909 | |a Λ |b 166336 | ||
| 909 | |a Λ |b 166337 | ||
| 909 | |a Λ |b 166338 | ||
| 909 | |a Λ |b 166339 | ||
| 909 | |a Λ |b 166340 | ||
| 909 | |a Λ |b 166341 | ||
| 909 | |a Λ |b 169423 | ||
| 909 | |a Λ |b 169424 | ||
| 909 | |a Λ |b 190944 | ||
| 909 | |a Λ |b 190943 | ||
| 920 | |a ΦΟΙΤΗΤΗ |y ΛΕΣΒΟΣ |z 2014-10 | ||
| 970 | |a ΓΙΑΛΑΜΑ |b ΜΑΡΙΑ |z 2010/07/20 | ||